| 000 | 01543aam a2200325 i 4500 | ||
|---|---|---|---|
| 999 |
_c44649 _d44649 |
||
| 001 | 768717001 | ||
| 003 | CO-MdFUSB | ||
| 005 | 20250824062700.0 | ||
| 008 | 190805t1997 fluade|| |||| 00| 0 spa d | ||
| 020 | _a0789903660 | ||
| 040 |
_bspa. _aCO-MdFUSB _cCO-MdFUSB _dCO-MdFUSBC _erda |
||
| 041 |
_aspa _heng |
||
| 082 |
_230 _a306.82 _bW954 |
||
| 100 | 1 |
_aWright , Norman _eautor |
|
| 240 | _a Before you say I Do | ||
| 245 | 1 | 0 |
_aAntes de decir "Sí" : _bUn manual de preparación matrimonial para parejas _c/ H. Norman Wright Y Wes Roberts ; Traducido por Silvia B. de Fernández |
| 264 | 1 |
_aMiami , Florida : _bUnilit, _c[1997] |
|
| 264 | 4 | _c© 1997 | |
| 300 |
_a94 páginas _c; 28 cm |
||
| 336 |
_atexto _btxt _2rdacontent |
||
| 337 |
_2rdamedia _asin mediación _bn |
||
| 338 |
_2rdacarrier _avolumen _bnc |
||
| 505 | 0 | _a¿Qué es el matrimonio?. -- Singularidad y aceptación en el matrimonio. -- El amor como base para el matrimonio. -- ¿Qué espera usted del matrimonio?. -- Una declaración de visión. -- Llenar las necesidades en el matrimonio. -- Funciones, responsabilidades, y tomar decisiones. -- Pariente político o enemigo. -- Comunicación. -- Conflicto (o "ída la voz de guerra!"). -- Finanzas. -- La relación sexual en el matrimonio. -- Su vida espiritual juntos. -- Apéndice : Planeando su boda juntos. - Referencias | |
| 563 | _aRústico | ||
| 650 | 7 |
_9300 _aMatrimonio |
|
| 653 | _aVida cristiana | ||
| 700 |
_aBolet de Fernández, Silvia _etraductor _91871 |
||
| 942 | _cBK | ||
| 945 | _aJTF-925 | ||